Ben 10 Alien or Pokémon? - Statistics

General Stats
  • This quiz has been taken 230 times
  • The average score is 16 of 20
Answer Stats
Question Answer % Correct
Stinkfly Ben 10 Alien
98%
Wildvine Ben 10 Alien
94%
Voltorb Pokémon
93%
Cannonbolt Ben 10 Alien
91%
Chromastone Ben 10 Alien
89%
Regirock Pokémon
89%
Shelmet Pokémon
88%
Solrock Pokémon
85%
Magnezone Pokémon
84%
Armodrillo Ben 10 Alien
82%
Tentacool Pokémon
82%
Arctiguana Ben 10 Alien
81%
Tyrantrum Pokémon
81%
Gravattack Ben 10 Alien
80%
Buzzshock Ben 10 Alien
79%
Spitter Ben 10 Alien
69%
Terapagos Pokémon
69%
Spidops Pokémon
67%
Gremloblin Neither
51%
Ditto Both
42%
No matching quizzes found
Score Distribution
Percent of People with Each Score
Percentile by Number Answered
Your Score History
You have not taken this quiz